00313nam a2200109Ia 450000500170000000800410001710000420005824500730010026000100017330000110018365000090019420260326100034.0260326s9999||||xx |||||||||||||| ||und|| aContreras y López de Ayala, Juan de 0aEl Arte Gótico en España /cJuan de Contreras y López de Ayala bLabor a190 p. aARTE